000 01183cab a22002175a 4500
008 070424e20070421xxkado f 000 0 eng d
035 _a(Sirsi) u137697
041 0 _aeng
100 1 _aMorrison, Adrian
245 0 0 _aFocus
_bNorth East
260 _c2007
490 0 _aEstates Gazette
_v(0716) 21 April 2007, 158-179(15)
520 _aPredictions show that Newcastle will run out of Grade A office space until new developments create more in 2008 and 2009. Darlington will get a new shopping centre, and Yarm is suggested as a good example to follow. Newcastle's shopping centre is in decline, with stagnant rents and at least one major retailer leaving. Ambitious plans for an eco-friendly village at Eastgate in the Wear Valley may hinge on whether the heat potential of the hot water spring can be utilised. The traditional industry sector is facing a potential crisis of land supply. Regeneration in Consett is examined. Argon Properties are profiled.
590 _aKA
651 4 _aNORTH EAST
690 _aPROPERTY-COMMERCIAL PROPERTY-COMMERCIAL PROPERTY DEVELOPMENT
700 1 _aStirling, Nigel
700 1 _aNeale, Jon
700 1 _aEichblatt, Sam
942 _n0
999 _c78692
_d78692